|
|
|
|
| LEADER |
01392cam a2200385 i 4500 |
| 001 |
c000400288 |
| 003 |
CARM |
| 005 |
20171011141820.0 |
| 008 |
171011s1968 enkaeh b u000 0 eng d |
| 010 |
|
|
|a 71375755
|
| 015 |
|
|
|a B69-02019
|
| 019 |
1 |
|
|a 561114
|z 42722716
|5 LACONCORD2021
|
| 020 |
|
|
|a 0713704926
|
| 035 |
|
|
|a (OCoLC)38301
|5 LACONCORD2021
|
| 040 |
|
|
|a QGU
|d QGU
|
| 043 |
|
|
|a e-uk---
|
| 050 |
|
4 |
|a VA454
|b .A7 1968
|
| 082 |
0 |
4 |
|a 359.32/5/0942
|
| 100 |
1 |
|
|a Archibald, Edward H. H.
|
| 245 |
1 |
4 |
|a The wooden fighting ship in the Royal Navy, A.D. 897-1860 /
|c by E. H. H. Archibald ; illustrated by Ray Woodward.
|
| 260 |
|
|
|a London :
|b Blandford P.,
|c 1968.
|
| 300 |
|
|
|a [8], 174 p :
|b illus. (some col.), facsims., plans (some col.) ;
|c 32 cm.
|
| 500 |
|
|
|a Col. illus. on lining papers.
|
| 504 |
|
|
|a Bibliography: p. 169.
|
| 610 |
1 |
0 |
|a Great Britain.
|b Royal Navy
|x History.
|
| 650 |
|
0 |
|a Warships.
|
| 650 |
|
0 |
|a Ships, Wooden.
|
| 650 |
|
0 |
|a Warships
|z Great Britain.
|
| 650 |
|
0 |
|a Ships, Wooden
|x Great Britain.
|
| 700 |
1 |
|
|a Woodward, Ray.
|
| 852 |
8 |
|
|b CARM
|p 0489330
|f BK
|
| 852 |
8 |
|
|b SCAN
|h A3:AJ27C0
|i E02540
|p 0489330
|f BK
|
| 999 |
f |
f |
|i 72775b3a-3ca1-56be-b159-0532d9e669ab
|s 20e2b849-828e-5efe-be37-3a2d682f25da
|
| 952 |
f |
f |
|p Can circulate
|a CAVAL
|b CAVAL
|c CAVAL
|d CARM 1 Store
|i book
|m 0489330
|
| 952 |
f |
f |
|a CAVAL
|b CAVAL
|c CAVAL
|d Unmapped Location
|e E02540
|f A3:AJ27C0
|h Other scheme
|